000 00593nab a22001697 4500
003 ES-SlBCS
005 20210327224326.0
008 200304s2016 sp ||||| |||| 00| 0 spa d
040 _aES-SlBCS
_bspa
041 _aspa
100 1 _aAraújo, Joana
_966516
245 1 0 _aA casa “in”comun dos refugiados ambientais à luz da Laudato si
_cJoana Araujo, Carlos Costa Gomes, Antonio Bartolomeu Ferreira
700 1 _aCosta Gomes, Carlos
_9115949
700 1 _aFerreira, Antonio Bartolomeu
_9121689
773 0 _gVol. 11, 2016, págs. 407-426
_tCauriensia
_wRev110
_x1886-4945
942 _2lcc
_cAR
999 _c492533
_d492533